=LDR 00000nam 2200000 4500 =001 INLIS000000000031958 =005 20130612134009 =008 ***********************************ind** =035 ##$$a0010-061300000031958 =041 ##$$a ind =082 ##$$a 790 =090 ##$$a 790, Com o =100 ##$$a Community, Timas =245 ##$$a Olahraga, Ensiklomini Pengetahuan Populer, Timas Community;Editor,Gartika Rahmasari =260 ##$$a [s.a] $b Bandung =300 ##$$a 64 hlm, Ilus, 25 cm =650 ##$$a Olahraga =700 ##$$a 6aRahmasari,Gartika =850 ##$$a NBPNMAT =990 ##$$a 0001/BPAP-NTB/20142014